006280000a22001330004500090001400000100004000014700003700054245015400091041001400245942001300259773004700272999001700319952015800336 aARb048891 aS. de Lucena, Carlos Alberto9990611 aPizzi da Silva, José F.99906210aDescricao de uma nova espécie do genero Rhamdella eigenmann & Eigenmann, 1988 (Siluriformes: Pimelodidae) para o médio rio Uruguai, sul do Brasil0 aPortugues cARTICULO1 tComun. Mus. Cienc. Pucrh3q29-48d1991g4 c13990d13990 001040718HEMEROTECAaBogotabBogotad2010-11-05hFuera de circulaciónl0oAR 04889p028282r2015-03-25 00:00:00t1w2015-03-25xDonaciónyARTICULO